Adat dan amalan masyarakat Banjar di daerah Parit Buntar sejauh manakah kesesuaiannya dengan Islam /
Saved in:
| Main Author: | |
|---|---|
| Format: | Thesis |
| Language: | Malay |
| Published: |
Bangi, Selangor :
Fakulti Pengajian Islam, Universiti Kebangsaan Malaysia,
1983
|
| Subjects: | |
| Tags: |
Add Tag
No Tags, Be the first to tag this record!
|
| LEADER | 017230000a22003370004500 | ||
|---|---|---|---|
| 001 | 363466 | ||
| 005 | 20230419155617.0 | ||
| 008 | 061129t1983 my ab g m 000 0 may d | ||
| 035 | |a (Sirsi) 363466 | ||
| 040 | |a UIAM |b eng |e rda | ||
| 043 | |a a-my-- | ||
| 050 | 0 | |a DS646.32.B34 | |
| 100 | 0 | |a Abd. Wahab bin Din, |e author |9 92578 | |
| 245 | 1 | 0 | |a Adat dan amalan masyarakat Banjar di daerah Parit Buntar sejauh manakah kesesuaiannya dengan Islam / |c oleh Abd. Wahab bin Din |
| 264 | 1 | |a Bangi, Selangor : |b Fakulti Pengajian Islam, Universiti Kebangsaan Malaysia, |c 1983 | |
| 300 | |a xiii, 105 leaves : |b illustrations, maps. ; |c 30 cm. | ||
| 336 | |2 rdacontent |a text | ||
| 337 | |2 rdamedia |a unmediated | ||
| 338 | |2 rdacarrier |a volume | ||
| 500 | |a "Latihan ilmiah ini dikemukakan kepada Universiti Kebangsaan Malaysia bagi memenuhi sebahaghian daripada syarat - syarat untuk memperolehi Ijazah Sarjana Muda dengan Kepujian di dalam Fakulti Pengajian Islam."--On title page. | ||
| 502 | |a Thesis (Ijazah Sarjana Muda Dengan Kepujian)--Universiti Kebagsaan Malaysia, 1982/83. | ||
| 504 | |a Includes bibliographical references (leaves 100-105). | ||
| 546 | |a In Malay. | ||
| 650 | 0 | |a Banjarese (Indonesian people) |x Social life and customs |z Malaysia Perak Parit Buntar |9 92579 | |
| 650 | 0 | |a Banjarese (Indonesian people) |x Rites and ceremonies |z Malaysia Perak Parit Buntar |9 92580 | |
| 655 | 0 | 7 | |a Theses, non-IIUM |
| 710 | 2 | |a Universiti Kebangsaan Malaysia. |b Fakulti Pengajian Islam |9 18790 | |
| 900 | |a mbs-hj-a jt | ||
| 942 | |2 lcc |n 0 | ||
| 999 | |c 434086 |d 465485 | ||
| 952 | |0 0 |6 T DS 000646.32 B34 A1357A 1983 |7 0 |8 THESES |9 751698 |a IIUM |b IIUM |c MULTIMEDIA |g 0.00 |o t DS 646.32 B34 A1357A 1983 |p 00001065951 |r 2017-10-19 |t 1 |v 0.00 |y THESIS | ||
